000 01796cam a22003134a 4500
001 11814266
003 NUST
005 20230124154527.0
008 991019s2000 gw a b 001 0 eng
010 _a 99055150
020 _a3540666788 (alk. paper)
040 _aDLC
_cDLC
_dDLC
042 _apcc
050 0 0 _aQH506
_b.S89 2000
082 0 0 _a572.8
_221
100 1 _aSurzycki, Stefan,
_d1936-
_9107559
245 1 0 _aBasic techniques in molecular biology /
_cStefan Surzycki.
260 _aBerlin ;
_aNew York :
_bSpringer,
_cc2000.
300 _aviii, 434 p. :
_bill. ;
_c25 cm.
440 0 _aSpringer lab manual
_9107560
504 _aIncludes bibliographical references and index.
505 _aGeneral Aspects of DNA Isolation and Purification -- Preparation of Genomic DNA from Animal Cells -- Preparation of Genomic DNA from Plant Cells -- Preparation of Genomic DNA from Bacteria -- Isolation of Plasmid DNA -- Isolation and Purification of RNA -- Isolation of PolyA+ RNA -- Agarose Gel Electrophoresis of DNA -- Preparation of Probes for Hybridization -- Nucleic Acid Hybridization. A Theoretical Consideration -- DNA Transfer and Hybridization -- Northern Transfer and Hybridization -- DNA Cloning. General Consideration -- DNA Cloning - Experimental Procedures -- DNA Sequencing -- PCR Analysis
650 0 _aMolecular biology
_vLaboratory manuals.
_92567
650 0 _aMolecular genetics
_vLaboratory manuals.
_9107561
856 4 2 _3Publisher description
_uhttp://www.loc.gov/catdir/enhancements/fy0818/99055150-d.html
906 _a7
_bcbc
_corignew
_d1
_eocip
_f19
_gy-gencatlg
942 _2ddc
_cBK
999 _c592981
_d592981